A dirty job #1/ Christopher Moore.
Available copies
- 1 of 2 copies available at LARL/NWRL Consortium.
- 1 of 2 copies available at Lake Agassiz Regional Library. (Show preferred library)
Current holds
0 current holds with 2 total copies.
Show Only Available Copies
| Location | Call Number / Copy Notes | Barcode | Shelving Location | Status | Due Date |
|---|---|---|---|---|---|
| Crookston Public Library | MOO (Text) | 33500008755563 | Main | Available | - |
| Moorhead Public Library | MOO (Text) | 33500008815276 | Main | Checked out | 07/16/2026 |
Record details
- ISBN: 0060590270
- Physical Description: 387 p. ; 24 cm.
- Edition: 1st ed.
- Publisher: New York : William Morrow, c2006.
Search for related items by subject
| Genre: | Humorous fiction. |
Search for related items by series
| LDR | 01038pam a2200289 a 4500 | ||
|---|---|---|---|
| 001 | 67380 | ||
| 003 | LARL_NWRL_CONSORTIUM | ||
| 005 | 20060322101218.0 | ||
| 008 | 051115s2006 nyu 000 1 eng | ||
| 010 | . | ‡a2005057501 | |
| 020 | . | ‡a0060590270 | |
| 024 | 3 | . | ‡a9780060590277 |
| 035 | . | ‡a(OCoLC)62326926 | |
| 040 | . | ‡aDLC ‡cDLC ‡dYDX ‡dBAKER | |
| 082 | 0 | 0. | ‡a813/.6 ‡222 |
| 100 | 1 | . | ‡aMoore, Christopher, ‡d1957- ‡0(LARL_NWRL_CONSORTIUM)114047 |
| 245 | 1 | 2. | ‡aA dirty job ‡n#1/ ‡cChristopher Moore. |
| 250 | . | ‡a1st ed. | |
| 260 | . | ‡aNew York : ‡bWilliam Morrow, ‡cc2006. | |
| 300 | . | ‡a387 p. ; ‡c24 cm. | |
| 490 | 0 | . | ‡aGrim reaper ; ‡v1 |
| 655 | 7. | ‡aHumorous fiction. ‡2gsafd | |
| 901 | . | ‡a67380 ‡bOCLC ‡c67380 ‡tbiblio | |

Add to basket
Permalink
Disable Highlighting